Normal view MARC view

Entry Personal Name

Number of records used in: 1

001 - CONTROL NUMBER

  • control field: 10004

003 - CONTROL NUMBER IDENTIFIER

  • control field: DLC

005 - DATE AND TIME OF LATEST TRANSACTION

  • control field: 20231204144349.0

008 - FIXED-LENGTH DATA ELEMENTS

  • fixed length control field: 011107n| azannaabn |a aaa

010 ## - LIBRARY OF CONGRESS CONTROL NUMBER

  • LC control number: no2001088688

035 ## - SYSTEM CONTROL NUMBER

  • System control number: (OCoLC)oca05619652

040 ## - CATALOGING SOURCE

  • Original cataloging agency: DLC-ON
  • Language of cataloging: eng
  • Description conventions: rda
  • Transcribing agency: DLC-ON
  • Modifying agency: DLC
  • Modifying agency: NIC

100 1# - HEADING--PERSONAL NAME

  • Personal name: Banerjee-Dube, Ishita

373 ## - ASSOCIATED GROUP

  • Associated group: Colegio de Mexico
  • Source of term: naf

400 1# - SEE FROM TRACING--PERSONAL NAME

  • Personal name: Dube, Ishita Banerjee-

400 1# - SEE FROM TRACING--PERSONAL NAME

  • Personal name: Banerjee, Ishita

670 ## - SOURCE DATA FOUND

  • Source citation: Divine affairs, 2001:
  • Information found: t.p. (Ishita Banerjee Dube) frwd. (Dr. Ishita Bannerjee Dube) jkt. (mem. of Faculty of the Centre for Asian and African Studies, El Colegio de Mexico; fellow, Indian Inst. of Advanced Study, Shimla)

670 ## - SOURCE DATA FOUND

  • Source citation: Unbecoming modern, c2006:
  • Information found: t.p. (Ishita Banerjee-Dube)

670 ## - SOURCE DATA FOUND

  • Source citation: Fronteras del hinduismo, 2007:
  • Information found: t.p. (Ishita Banerjee)

670 ## - SOURCE DATA FOUND

  • Source citation: Nation, nationalism, and the public square, 2020:
  • Information found: ECIP title page (Ishita Banerjee-Dube) PPBL (b. 1964)

Powered by Koha